Movies by Female Directors - Statistics

General Stats
  • This quiz has been taken 211 times
    60 since last reset
  • The average score is 9 of 20
Answer Stats
Year Director Movie % Correct
2023 Greta Gerwig Barbie
85%
2003 Sofia Coppola Lost in Translation
85%
2008 Kathryn Bigelow The Hurt Locker
81%
2020 Chloé Zhao Nomadland
77%
1993 Jane Campion The Piano
65%
1999 Sofia Coppola The Virgin Suicides
63%
2017 Patty Jenkins Wonder Woman
50%
2012 Kathryn Bigelow Zero Dark Thirty
50%
1991 Kathryn Bigelow Point Break
48%
1993 Nora Ephron Sleepless in Seattle
48%
1988 Penny Marshall Big
46%
2000 Mary Harron American Psycho
37%
1992 Penny Marshall A League of Their Own
35%
2003 Patty Jenkins Monster
31%
1995 Amy Heckerling Clueless
25%
1982 Amy Heckerling Fast Times at Ridgemont High
25%
2011 Jodie Foster The Beaver
25%
1991 Jodie Foster Little Man Tate
23%
1992 Penelope Spheeris Wayne's World
23%
2009 Nora Ephron Julie & Julia
13%
No matching quizzes found
Score Distribution
Percent of People with Each Score
Percentile by Number Answered
Your Score History
You have not taken this quiz since the last reset